000 00944nam a22002537a 4500
008 130821s1954 sp gr spa
040 _aCo-BoUCM
_bspa
041 0 0 _aspa
092 _aFN 000040
100 _aGuardini, Romano
_9108083
245 0 0 _aLibertad, gracia y destino
_cRomano Guardini, versión castellana de Guillermo Termenon Solís
260 _aSan Sebastián (Vizcaya, españa)
_bEdiciones Dinor
_c1954
300 _a330 páginas
490 _aColección Prisma; 7
500 _aIncluye bibliografía eíndice. -- Este libro se encuentra en el depósito de la biblioteca
650 0 4 _aCristianismo
_912174
650 0 4 _aCristianismo
_vEnsayos, conferencias, etc.
_912174
650 0 4 _aEnsayos, conferencias, etc.
_97572
650 0 4 _aFatalismo
_915599
650 0 4 _aGracias (Teología)
_916505
650 0 4 _aLibertad (Teología)
_918469
700 _aTermenon Solís, Guillermo.
_eTr
_9170783
942 _cLIBRO
_a27
_e1
_n0
999 _c85418
_d85418